000 00448nam a2200181Ia 4500
001 20860
005 20260306172836.0
008 260306t2012||||xx |||||||||||||| ||spa||
041 _aESP
082 _a343.8
_bI59
100 _aInstituto Pacífico
_eAUT
245 0 _aManual de infracciones y sanciones tributarias 2012
260 _c2012
300 _a392 páginas :
_c24 cm.
650 _aGEN
654 _aCCO
942 _cLIB
_dJUS
_fJUS
_2ddc
_n
999 _c20860
_d20860